Essentials of Human Resource Management (Record no. 2299)

MARC details
005 - DATE AND TIME OF LATEST TRANSACTION
control field 20250515113930.0
020 ## - INTERNATIONAL STANDARD BOOK NUMBER
International Standard Book Number 978-81-312-1198-4
082 ## - DEWEY DECIMAL CLASSIFICATION NUMBER
Classification number 658. 3 TYS
100 ## - MAIN ENTRY--PERSONAL NAME
Author name TYSON, S.
245 ## - TITLE STATEMENT
Title Essentials of Human Resource Management
250 ## - EDITION STATEMENT
Edition statement 5th Ed.
260 ## - PUBLICATION, DISTRIBUTION, ETC.
Place of publication, distribution, etc. Burlington,
Name of publisher, distributor, etc. Heinemann,
Date of publication, distribution, etc. 2006.
300 ## - PHYSICAL DESCRIPTION
Extent ix, 464p.: ill.; figure, picture, table.
Other physical details Index, references.
Dimensions 27cm.
942 ## - ADDED ENTRY ELEMENTS (KOHA)
Source of classification or shelving scheme Dewey Decimal Classification
Koha item type Books
Holdings
Date last seen Total checkouts Full call number Barcode Cost, replacement price Price effective from Koha item type Lost status Source of classification or shelving scheme Damaged status Not for loan Withdrawn status Home library Current library Shelving location Date acquired Cost, normal purchase price
05/15/2025   658. 3 TYS 0000008826 60000.00 05/15/2025 Books   Dewey Decimal Classification       College of Business Education Main Library College of Business Education Main Library General Collection 04/08/2011 20000.00
06/02/2025   658.3 TYS 00000010685 60000.00 06/02/2025 Books   Dewey Decimal Classification       College of Business Education Main Library College of Business Education Main Library Special Reserve Collection 04/08/2011 20000.00